000
00309nam a22001337a 4500
008
170524b xxu||||| |||| 00| 0 eng d
020
_a
9780471204893
041
_a
eng
080
_a
62
100
_a
26
101
_a
I,
245
_a
AERIAL PHOTOGRAPHY IMAGE INTERPRETATION
_c
PAINE.D.P
942
_2
udc
_c
BK
999
_c
14056
_d
14056